Online
Catalog

El gran amor de Gustavo Adolfo Becquer : (Record no. 2717)

MARC details
000 -CABECERA
campo de control de longitud fija 00643cam a2200169 a 4500
001 - NÚMERO DE CONTROL
campo de control 000002883
005 - FECHA Y HORA DE LA ÚLTIMA TRANSACCIÓN
campo de control 20200929150258.0
008 - DATOS DE LONGITUD FIJA--INFORMACIÓN GENERAL
campo de control de longitud fija 780404s1946 ag a 000 0 spa c
040 ## - FUENTE DE LA CATALOGACIÓN
Centro catalogador/agencia de origen DO-SdBNP
Lengua de catalogación spa
Centro/agencia transcriptor BNPHU
082 ## - NÚMERO DE LA CLASIFICACIÓN DECIMAL DEWEY
Número de clasificación 861.5
Número de documento/Ítem L579g
100 1# - ENTRADA PRINCIPAL--NOMBRE DE PERSONA
Nombre de persona León, María Teresa.
9 (RLIN) 9161
245 13 - MENCIÓN DE TÍTULO
Título El gran amor de Gustavo Adolfo Becquer :
Resto del título (una vida pobre y apasionada) /
Mención de responsabilidad, etc. María Teresa León ; con las rimas del poeta, un poema y un epílogo de Rafael Alberti.
260 ## - PUBLICACIÓN, DISTRIBUCIÓN, ETC.
Lugar de publicación, distribución, etc. Buenos Aires :
Nombre del editor, distribuidor, etc. Losada,
Fecha de publicación, distribución, etc. 1946.
300 ## - DESCRIPCIÓN FÍSICA
Extensión 271 p. :
Otras características físicas il. ;
Dimensiones 23 cm.
600 10 - PUNTO DE ACCESO ADICIONAL DE MATERIA--NOMBRE DE PERSONA
Nombre de persona Becquer, Gustavo Adolfo,
Fechas asociadas al nombre 1836-1870.
9 (RLIN) 9162
700 1# - PUNTO DE ACCESO ADICIONAL--NOMBRE DE PERSONA
Nombre de persona Alberti, Rafael,
Fechas asociadas al nombre 1902-1999
9 (RLIN) 9163
Holdings
Estado de retiro Estado de pérdida Restricciones de uso No para préstamo Código de colección Localización permanente Ubicación/localización actual Ubicación en estantería Fecha de adquisición Número de inventario Total de préstamos Signatura topográfica completa Código de barras Fecha visto por última vez Precio válido a partir de Tipo de ítem Koha
    Préstamo interno   Monografías: Libros y Folletos General General En catalogación 04.07.2009 LF1   861.5 L579g 2883-10 25.06.2020 25.06.2020 Préstamo interno

Powered by Koha